[Event "DEN-ch 2019"]
[Site "Svendborg"]
[Date "2019.04.21"]
[Round "9.5"]
[White "Teplyi, Igor"]
[Black "Aabling-Thomsen, Jakob"]
[Result "1/2-1/2"]
[WhiteElo "2418"]
[BlackElo "2358"]
[Annotator "TA"]
[PlyCount "117"]
[EventDate "2019.04.13"]
[EventType "tourn"]
[EventCountry "DEN"]
[SourceTitle "playchess.com"]
[Source "ChessBase"]
[SourceQuality "1"]

{[%evp 13,117,58,58,51,51,3,58,54,57,57,66,0,37,19,38,48,120,95,103,68,116,120,122,93,157,78,106,62,109,72,63,0,0,0,0,0,20,0,123,132,126,142,229,221,209,229,195,223,216,210,193,200,462,-20,-20,-20,-12,-20,-20,-9,-11,-89,-70,-143,-44,-45,326,0,0,0,0,0,0,0,0,0,0,0,0,0,0,-38,0,0,0,0,0,0,0,0,0,0,0,0,0,0,0,0,0,0,0,0,0,0,0,0]} 1. d4 g6 2. c4 Bg7 3. Nc3 d6 4. e4 e5 5. d5 f5 6. exf5 gxf5 7. Qh5+ Kf8 8. Qd1 {A42: Modern Defence: Averbakh Variation} Qe8 9. Qc2 $146 ({Predecessor:} 9. Nf3 Qg6 10. Be2 Ne7 11. Rg1 Na6 12. h3 e4 13. Nd4 Be5 14. Nb3 h5 15. Kf1 Bd7 {½-½ (46) So,W (2788)-Norwood,D (2502) Bunratty 2015}) 9... Nf6 (9... f4 $11) 10. g3 {White is slightly better.} a5 11. Nf3 Na6 12. a3 (12. Be2 $14) 12... e4 (12... f4 $5) 13. Nh4 Nc5 14. Be3 Ng4 ({Black should play} 14... Nd3+ $1 $14 15. Kd2 (15. Bxd3 exd3 16. Qxd3 f4 $15 {[%mdl 64] Pin}) 15... Ne5) 15. Bxc5 $1 $16 dxc5 16. Be2 Ne5 17. O-O-O $1 Ra6 18. Kb1 Bd7 ({Black should try} 18... Ng6) 19. Ka2 (19. Nb5 $142) 19... Rb6 20. Rb1 a4 21. Rhe1 Ng6 22. f3 {[%cal Rf3e4]} Nxh4 23. gxh4 {[%cal Rf3e4]} e3 24. Bd3 Qe5 25. f4 Qd4 (25... Qxf4 $11 26. d6 Rxd6) 26. Ne2 $1 {[%cal Re2d4]} (26. Bxf5 $6 Qd2 $11) 26... Qf6 27. Ng3 $36 {[%cal Rd3f5][%mdl 2048] Keeping Black busy.} Rb3 (27... Qd4 $16 28. Bxf5 (28. Nxf5 Bxf5 29. Bxf5 Ke7 $16) 28... Qd2) 28. Nh5 $18 (28. Rxe3 $6 Qd4) (28. Nxf5 Rxd3 $1 {[%mdl 512]} 29. Nxg7 Rd2 $17) 28... Qd4 29. Bxf5 Be8 30. Nxg7 Qxg7 31. Rg1 Qf6 32. Qe4 e2 $2 (32... Qd4 33. Qe6 Rb6) 33. Qe5 $2 (33. Qxe2 $18 {Black must now prevent Bc2.} Rb6 34. Bc2) 33... Qxe5 $11 34. fxe5 Re3 35. Rbe1 Rxe5 36. Bg4 $1 Rg8 {Strongly threatening ...Re4.} 37. Rg3 (37. Rg2 $11 {keeps the balance.}) 37... Re4 $1 $17 {[%csl LRc4,LRg4]} 38. Bf5 ({But not} 38. Bxe2 $2 Rxg3 39. hxg3 Ke7 $19) (38. Rf3+ $15 Ke7 39. Bf5 Rxc4 40. Rxe2+ Kd8 41. d6 (41. Bxh7 Rh8 $17) 41... Rxh4 42. dxc7+ Kxc7 43. Re7+ Kb6 44. Bxh7) 38... Rxc4 (38... Rxg3 $17 39. Bxe4 Re3 40. Bxh7 Bh5) 39. Rxe2 $15 {aiming for Rxg8+.} Bf7 $2 {[%mdl 8192] [#]} (39... Rxg3 $1 $15 {stays ahead.} 40. hxg3 Rc1) 40. Be6 $2 ({Weaker is} 40. Bxh7 Rg7 $17) (40. Rf3 $1 $18 Rgg4 41. Ref2 (41. Bxh7 Rcf4 $17)) 40... Bxe6 41. Rxe6 Rxg3 42. hxg3 $11 {[%mdl 4096] Endgame KR-KR} Rd4 43. Rh6 Kg7 44. Re6 Kf7 45. Rh6 Kg7 46. Re6 Kf7 47. Re5 b5 48. Re6 {The position is equal.} Rxd5 49. Rc6 h5 50. Kb1 Rf5 51. Rxc7+ Ke6 52. Rb7 c4 53. Rb6+ Kd7 54. Rg6 Rf1+ 55. Ka2 Rf2 {...c3 is the strong threat.} 56. Kb1 Rf1+ 57. Kc2 Rf2+ 58. Kc3 Rf3+ 59. Kc2 {Accuracy: White = 53%, Black = 38%.} 1/2-1/2

[Event "DEN-ch 2019"]
[Site "Svendborg"]
[Date "2019.04.22"]
[Round "10.1"]
[White "Bjerre, Jonas Buhl"]
[Black "Rasmussen, Allan Stig"]
[Result "1-0"]
[WhiteElo "2470"]
[BlackElo "2541"]
[Annotator "TA"]
[PlyCount "65"]
[EventDate "2019.04.13"]
[EventType "tourn"]
[EventCountry "DEN"]
[SourceTitle "playchess.com"]
[Source "ChessBase"]
[SourceQuality "1"]

{[%evp 10,65,28,17,21,27,28,17,38,27,38,36,33,0,52,39,90,79,174,157,173,165,176,203,195,118,149,120,193,77,104,77,158,0,207,221,543,543,537,126,93,100,199,204,597,581,579,581,563,560,666,613,650,651,648,615,593,585]} 1. e4 c6 2. d4 d5 3. e5 Bf5 4. Nd2 e6 5. Nb3 Nd7 6. Nf3 h6 {B12: Caro-Kann: Advance Variation} 7. Be2 Ne7 8. O-O (8. a4 Qc7 9. O-O g5 10. a5 O-O-O 11. Bd2 a6 12. c4 dxc4 13. Bxc4 Nd5 14. Qe2 {0-1 (38) Movsesian,S (2629)-Shankland,S (2725) chess.com INT 2019}) 8... Qc7 {The position is equal.} 9. Bd2 g5 10. a4 a5 11. Ne1 Bg7 (11... c5 $11) 12. f4 $36 {[%mdl 2048] White is pushing.} gxf4 (12... c5 $14) 13. Nd3 $16 (13. Bxf4 c5 $11) 13... c5 $146 (13... f3 $16 {keeps fighting.} 14. Rxf3 Bxd3 15. Rxd3 (15. Bxd3 c5 $16) 15... c5) ({Predecessor:} 13... Rg8 14. Kh1 Be4 15. Nxf4 {1-0 (31) Bodnaruk,A (2402)-Danielian,E (2458) Chakvi 2015}) 14. Nbxc5 $18 Nxc5 15. Nxc5 Bxe5 16. Bb5+ Kd8 17. Nxe6+ (17. Nxb7+ $1 $18 Kc8 18. dxe5 Kxb7 19. Bxf4) 17... fxe6 $16 18. dxe5 Rg8 (18... Ng6 $16) 19. Bd3 ({Don't play} 19. Bxf4 $6 Qxc2 20. Qxc2 Bxc2 $16) (19. Rxf4 $18 Qxe5 20. Qf3) 19... Qxe5 20. Bxf4 Qxb2 {[#]} (20... Qd4+ $142 21. Rf2 Bxd3) 21. Kh1 $2 (21. Rf2 $1 $16) 21... Rc8 $2 {[#]} (21... Bxd3 $11 {and Black has nothing to worry.} 22. Qxd3 Rc8) 22. Rb1 $1 $18 {[%cal Rb1b2]} Qd4 $2 (22... Qg7 23. Bg3 Bxd3 24. Qxd3 Qc3) 23. Rxb7 Bxd3 24. Qxd3 $2 (24. cxd3 $18 Rc6 25. Qe2) 24... Qxd3 $16 25. cxd3 Rc2 (25... Rf8 $16 26. Kg1 Ke8) 26. g3 $18 ({Resist} 26. Bxh6 Nf5 $16) 26... h5 $2 {[#]} (26... Re8 {is tougher.} 27. Bxh6 Kc8) 27. Bg5 $1 {[%mdl 512] White is clearly winning.} Re8 (27... Rxg5 28. Rf8#) 28. Bxe7+ Kc8 29. Rfb1 Rc1+ 30. Rxc1+ Kxb7 31. Bd6 e5 32. Rc7+ Kb6 {If Black can now play ...Re6 this consolidates a bit.} 33. Re7 {Accuracy: White = 64%, Black = 25%.} 1-0

[Event "DEN-ch 2019"]
[Site "Svendborg"]
[Date "2019.04.22"]
[Round "11.1"]
[White "Rasmussen, Allan Stig"]
[Black "Bjerre, Jonas Buhl"]
[Result "1-0"]
[WhiteElo "2541"]
[BlackElo "2470"]
[Annotator "TA"]
[PlyCount "65"]
[EventDate "2019.04.13"]
[EventType "tourn"]
[EventCountry "DEN"]
[SourceTitle "playchess.com"]
[Source "ChessBase"]
[SourceQuality "1"]

{[%evp 15,65,-11,-7,-50,-39,-48,-24,-43,-24,-32,-20,-27,-21,-121,-77,-93,-84,-83,-88,-91,-78,-134,69,57,117,109,22,0,485,527,481,487,541,532,531,538,503,533,524,496,855,855,1082,1058,1082,1082,1082,1082,2349,637,1082,1043]} 1. g3 c5 2. Bg2 Nc6 3. d3 g6 4. f4 d5 5. Nf3 Bg7 6. O-O Nf6 7. c3 O-O 8. Qe1 b6 9. h3 {A03: Bird's Opening with 1...d5} Bb7 10. g4 d4 11. Bd2 {Black has an edge.} Nd5 12. Na3 Qd7 13. Nc4 $146 ({Predecessor:} 13. f5 Rae8 14. Ng5 e6 15. Bxd5 exd5 16. f6 Bh6 {½-½ (62) Jakubiec,A (2547)-Kriebel,T (2321) Czechia 2010}) 13... f5 14. cxd4 (14. Nfe5 $11 Nxe5 15. Nxe5 Bxe5 16. fxe5) 14... fxg4 $17 15. Nfe5 Nxe5 16. Nxe5 Bxe5 17. dxe5 gxh3 18. Be4 {[#]} (18. Bh1 $142) 18... Nb4 $2 (18... Ne3 $1 $17 {[%mdl 512]} 19. Bxe3 Qg4+ 20. Kh2 Bxe4) 19. e6 $1 $14 {[%cal Re6d7]} Qc7 {[#]} (19... Qd4+ $14 20. e3 h2+ $1 {[%mdl 512]} 21. Kxh2 Qxb2 22. Bxb7 Nxd3) 20. Qh4 $1 $16 Nc2 21. Bc3 {Intending Bxg6! and mate.} Nd4 $2 {[%mdl 8192]} ({And not} 21... Nxa1 22. Bxg6 h6 23. Qxh6 h2+ 24. Qxh2 Rf6 25. Qh7+ Kf8 26. Qh8#) (21... Bxe4 $11 {and Black has nothing to worry.} 22. Rac1 Bg2) 22. Bxd4 $1 $18 {White is clearly winning.} cxd4 23. Rac1 Qb8 24. Qxe7 Bxe4 25. Rc7 Qxc7 26. Qxc7 Rac8 27. Qe5 Bg2 (27... Bf5 $142 28. e7 Rfe8 29. Qd5+ Kg7 30. Qxd4+ Kf7) 28. e7 Rfe8 29. Qe6+ Kg7 30. f5 Bxf1 31. f6+ ({Weaker is} 31. Kxf1 Rc1+ 32. Kf2 gxf5 $14) 31... Kh6 32. f7 (32. Kxf1 $142 Rc1+ 33. Kf2) 32... Bg2 33. Qxc8 {[%mdl 64] Promotion. Accuracy: White = 58%, Black = 39%.} 1-0

[Event "DEN-ch 2019"]
[Site "Svendborg"]
[Date "2019.04.22"]
[Round "12.1"]
[White "Rasmussen, Allan Stig"]
[Black "Bjerre, Jonas Buhl"]
[Result "1-0"]
[WhiteElo "2541"]
[BlackElo "2470"]
[Annotator "TA"]
[PlyCount "57"]
[EventDate "2019.04.13"]
[EventType "tourn"]
[EventCountry "DEN"]
[SourceTitle "playchess.com"]
[Source "ChessBase"]
[SourceQuality "1"]

{[%evp 22,63,76,54,62,38,114,89,95,90,102,106,97,103,141,141,200,200,200,193,192,192,183,162,259,150,182,148,250,203,227,222,216,216,727,712,831,819,829,816,810,797,758,724]} 1. d4 Nf6 2. Nf3 e6 3. e3 d5 4. c4 dxc4 5. Bxc4 c5 6. O-O a6 7. Bb3 Nc6 8. Nc3 Be7 9. Qe2 O-O 10. Rd1 cxd4 11. exd4 Nb4 12. Ne5 Bd7 {D27: Queen's Gambit Accepted: Classical main line: 7 e4!? and 7 a4} (12... Nbd5 13. Qf3 Qd6 14. Bg5 Nxc3 15. bxc3 Qc7 16. c4 Bd7 17. Rac1 Bc6 18. Qe2 Ne8 19. Bxe7 Qxe7 20. Nxc6 bxc6 {1-0 (31) Adly,A (2626)-Yakubboev,N (2556) St Petersburg 2018}) 13. Bg5 Nfd5 (13... Be8 $14) 14. Nxd5 Nxd5 {White is better.} 15. Bxd5 Bxg5 $146 ({Predecessor:} 15... exd5 16. Nxd7 Re8 17. Bxe7 Rxe7 18. Ne5 f6 19. f4 fxe5 20. dxe5 {1-0 (43) Repplinger,M (2213)-Moeldner,J (2234) Germany 2007}) 16. Bxb7 Bb5 17. Qf3 $36 {[%mdl 2048] And now a4 would win. Black is under strong pressure.} Rb8 18. a4 {[%cal Ba2a4,Ba4a5,Ba5a6,Ba6a7][%mdl 32]} Be2 (18... Be8 $16) 19. Qxe2 $18 Rxb7 20. Qxa6 Rxb2 {[#]} 21. a5 $1 Qd5 22. Qc4 Qe4 (22... Qxc4 $142 23. Nxc4 Rc2) 23. Nf3 ({White should play} 23. a6 $18) 23... Bf6 24. a6 Rc2 (24... g6 $16 25. Re1 Qa8) 25. Qf1 Ra8 26. a7 Rc7 27. Rdb1 h5 $2 (27... Rb7) 28. Rb8+ {White is clearly winning.} Kh7 29. Qb5 {Played: Rb8xa8} 1-0

[Event "DEN-ch 2019"]
[Site "Svendborg"]
[Date "2019.04.22"]
[Round "13.1"]
[White "Bjerre, Jonas Buhl"]
[Black "Rasmussen, Allan Stig"]
[Result "1-0"]
[WhiteElo "2470"]
[BlackElo "2541"]
[Annotator "TA"]
[PlyCount "83"]
[EventDate "2019.04.13"]
[EventType "tourn"]
[EventCountry "DEN"]
[SourceTitle "playchess.com"]
[Source "ChessBase"]
[SourceQuality "1"]

{[%evp 10,83,39,37,90,89,79,79,91,85,93,93,94,91,102,104,145,114,136,117,113,129,187,161,172,156,133,73,79,83,70,75,78,74,118,119,131,114,223,222,252,200,353,348,312,312,314,331,374,364,439,372,544,455,490,517,584,476,626,627,580,610,917,904,964,634,978,961,860,839,29989,29990,29994,29980,29995,29996]} 1. e4 c5 2. Nf3 e6 3. d4 cxd4 4. Nxd4 a6 5. Bd3 Qc7 6. O-O g6 {B42: Sicilian: Kan Variation: 5 Bd3} (6... Nf6 $14) (6... Nf6 7. Qe2 d6 8. f4 Nbd7 9. c4 Be7 10. Nc3 O-O 11. Kh1 b6 12. Bd2 Re8 13. Rae1 Bb7 14. Nf3 e5 15. Nd5 Bxd5 16. cxd5 exf4 17. Bxf4 Bf8 18. Bg5 h6 19. Bxf6 Nxf6 {0-1 (42) Saric,I (2687)-Fedorchuk,S (2607) Bastia 2018}) 7. c4 $16 Bg7 8. Be3 Nc6 $146 {White is better.} ({Predecessor:} 8... d6 9. Nc3 Nf6 10. Rc1 Nbd7 11. Be2 O-O 12. Qd2 Rd8 13. Rfd1 b6 14. Nf3 Ne8 15. Bf4 Bb7 16. Qe3 Rac8 17. b4 Qb8 {0-1 (37) Chan,S (1888)-Wang,C (2492) Tagaytay City 2018}) 9. Be2 Nge7 10. Nc3 O-O 11. Qd2 d6 12. Rfd1 Ne5 13. Rac1 Rd8 14. Bg5 f6 15. Be3 b6 (15... Re8 $16) 16. f4 $18 Nf7 17. b4 Bd7 18. Nb3 (18. Bf3 $142) 18... f5 $16 19. Bf3 Rac8 20. Qf2 $36 {[%mdl 2048] White is in control.} Rb8 21. c5 dxc5 22. bxc5 b5 {[#]} 23. e5 $1 b4 (23... g5 $16 {was necessary.}) 24. Ne2 $18 g5 25. g3 Bc6 $2 {[#]} (25... Nc6 {keeps fighting.} 26. Ned4 Re8) 26. Rd6 $1 {[%mdl 512]} Bxf3 (26... Nxd6 27. cxd6) 27. Qxf3 Nd5 28. Rxe6 g4 29. Qf2 Qc8 30. Nbd4 Nc3 (30... Bf8 $142 31. c6 Nc3 32. Nxc3 bxc3) 31. Nxc3 bxc3 32. Rc6 Qb7 33. Qg2 Bxe5 34. fxe5 Nxe5 35. Rb6 Qc7 36. Ne6 Qd7 37. Rd6 Qe7 38. Qd5 Rxd6 39. cxd6 Qf7 40. Qxe5 {White mates.} Re8 41. Rxc3 Rxe6 42. Rc8+ {Accuracy: White = 91%, Black = 21%.} 1-0

[Event "DEN-ch 2019"]
[Site "Svendborg"]
[Date "2019.04.22"]
[Round "14.1"]
[White "Bjerre, Jonas Buhl"]
[Black "Rasmussen, Allan Stig"]
[Result "0-1"]
[WhiteElo "2470"]
[BlackElo "2541"]
[Annotator "TA"]
[PlyCount "84"]
[EventDate "2019.04.13"]
[EventType "tourn"]
[EventCountry "DEN"]
[SourceTitle "playchess.com"]
[Source "ChessBase"]
[SourceQuality "1"]

{[%evp 10,84,23,14,39,35,56,0,0,-25,-17,-25,-21,-56,-47,-58,-48,-47,-51,-58,-53,-43,-30,-41,-15,-56,-17,-80,-75,-89,-89,-113,21,-338,-336,-359,-376,-350,-196,-468,-445,-453,-437,-903,-909,-29987,-1056,-5009,-1591,-5013,-1177,-29986,-938,-12844,-5617,-12647,-1294,-5322,-5141,-29977,-4818,-1412,0,-29987,-29988,-29984,-29984,-29982,0,-29992,-29993,-29994,-29995,-29995,-29993,-29993,-29994]} 1. e4 c6 2. d4 d5 3. e5 Bf5 4. Nd2 e6 5. Nb3 Nd7 6. Nf3 Be7 {B12: Caro-Kann: Advance Variation} (6... Ne7 7. Be2 h6 8. a4 Qc7 9. O-O g5 10. a5 O-O-O 11. Bd2 a6 12. c4 dxc4 13. Bxc4 Nd5 14. Qe2 {0-1 (38) Movsesian,S (2629)-Shankland,S (2725) chess.com INT 2019}) 7. Be2 h5 8. h4 (8. O-O $14) 8... Nh6 $11 {The position is equal.} 9. Bg5 $146 ({Predecessor:} 9. Ng5 g6 10. Bf4 Kf8 11. Qd2 Kg7 12. O-O Rc8 13. Rac1 c5 14. c4 dxc4 15. Bxc4 {½-½ (75) Turutin,A (2380)-Gunina,V (2457) Voronezh 2010}) 9... Bg4 10. Qd2 Nf5 11. O-O-O f6 12. exf6 gxf6 13. Bf4 a5 14. Kb1 a4 $36 {[%mdl 2048] Black has good play.} 15. Nc1 Qa5 16. c3 c5 17. Rhe1 Kf7 18. Nh2 (18. a3 $1 $11 {remains equal.}) 18... Bxe2 $1 $17 19. Qxe2 Ra6 20. g4 hxg4 (20... Nxh4 $17 {Threatens to win with ...Ng2.} 21. Bd2 a3) 21. Qxg4 $2 {[%mdl 8192]} (21. Nxg4 $11 {and White is okay.} Ke8 22. dxc5) 21... Rxh4 $19 22. Qf3 cxd4 23. cxd4 Nxd4 (23... a3 $142 {aiming for ...axb2.} 24. Re2 axb2 25. Rxb2 Nb6) 24. Qg3 $2 (24. Rxd4 Qxe1 25. Bd2) 24... Nf5 25. Qf3 a3 {Hoping for ...axb2.} 26. Nb3 (26. b3 $142) 26... Qa4 27. Bc1 Rxh2 (27... axb2 $142 28. a3 Qxa3 29. Bxb2 Qa2+ 30. Kc2 Rc6+ 31. Kd3 Qa6+ 32. Kd2 Bb4+ {[%mdl 64] Skewer} 33. Qc3 Rxc3 34. Re3 Rxe3+ 35. Kc1 Rxb3 36. Rg1 Rc4+ 37. Kb1 Qa3 38. Rg7+ Nxg7 39. f3 Rxb2#) 28. Rxd5 Ne5 {( -> ...axb2)} 29. Rdxe5 fxe5 (29... axb2 $142 30. Ra5 Rxa5 31. Nxa5 bxc1=N 32. Rxc1 Qxa5) 30. Rxe5 Qc6 (30... axb2 $142 31. Bxb2 Qxa2+ 32. Kc1 Rc6+ 33. Nc5 Bg5+ 34. Kc2 {[#]} Bf6 $1 {[%mdl 512]} 35. Kd1 Qxb2 {[%mdl 64] Double Attack} 36. Rd5 exd5 37. Qxd5+ Kg6 38. Qg8+ Kh6 $1 {[%mdl 512]} 39. Qf8+ Bg7 40. Qxg7+ Kxg7 41. Ne6+ Rxe6 42. f4 Rh1#) 31. Qf4 {[#]} axb2 $1 {[%mdl 512]} 32. Qxh2 (32. Kxb2 Ba3+) 32... bxc1=Q+ 33. Nxc1 Bf6 34. Qh5+ Kg7 (34... Kf8 $142 35. f4 Qb6+ 36. Kc2 Ra4 37. Qh3 Rc4+ 38. Qc3 Rxc3+ 39. Kxc3 Bxe5+ 40. fxe5 Qd4+ {[%mdl 64] Double Attack} 41. Kb3 Ne3 42. Ne2 Qc4+ 43. Kb2 Qb4+ 44. Kc1 Nc4 45. Kc2 Qd2+ {[%mdl 64] Double Attack} 46. Kb3 b5 47. Ng3 Qb2#) 35. Qg4+ Kf7 $2 ({Black should try} 35... Kf8 $19 36. Qb4+ Kf7) 36. Re4 $2 {[%mdl 8192]} (36. Qh5+ $11 Kf8 37. Re3 Rb6+ 38. Nb3 Nxe3 39. Qh6+ Bg7 40. Qf4+ Nf5 41. Qc1 Qe4+ 42. Qc2 Qe5 43. Qc8+ Ke7 44. Kc2 Qe2+ 45. Kc1 Rc6+ 46. Qxc6 bxc6 47. Na5 Bc3 48. Nxc6+ Kd6 49. f4 Qd2+ {[%mdl 64] Double Attack} 50. Kb1 Qd1#) 36... Qc3 {[%csl Gf6][%cal Rc3b2]} 37. Rb4 Qa1+ 38. Kc2 Qc3+ $2 (38... Rc6+ {mates} 39. Qc4 Rxc4+ 40. Rxc4 Qb2+ 41. Kd1 Qxf2 42. Rc7+ Kg6 43. Ne2 Ne3+ 44. Kd2 Nd5 45. Kd1 Ne3+ 46. Kd2 Nd5 47. Rc4 Bg5+ 48. Kd3 Qe3+ 49. Kc2 Qxe2+ {[%mdl 64] Double Attack} 50. Kb3 Bf6 51. Rc1 b5 52. Rg1+ Kf7 53. Rg7+ Bxg7 54. a4 Qb2#) 39. Kd1 $2 {[%mdl 8192]} (39. Kb1 $11 Qa1+ 40. Kc2 Rc6+ 41. Qc4 Rxc4+ 42. Rxc4 Qb2+ 43. Kd1 Qxf2 44. Rc7+ Kg6 45. Ne2 Bh4 46. Rxb7 Qe1+ 47. Kc2 Qxe2+ 48. Kb3 Qf3+ {[%mdl 64] Double Attack} 49. Kc2 Qxb7 50. Kd2 Qb2+ {[%mdl 64] Double Attack} 51. Kd3 Qxa2 52. Kc3 Be1+ 53. Kd3 Kg5 54. Ke4 Qe2#) 39... Rd6+ {Black mates.} 40. Ke2 Rd2+ 41. Kf1 Qxc1+ 42. Kg2 Ne3+ {[%mdl 64] Double Attack. Accuracy: White = 17%, Black = 46%.} 0-1